000 00743cam a22002291 4500
001 3592139
003 OSt
005 20230621153008.0
008 700716s1967 ru a 000 0 eng
010 _a 68002830
040 _aDLC
_cDLC
_dDLC
041 1 _aengrus
082 0 0 _a328.47
245 0 4 _aThe Soviet Parliament;
_ba reference book.
_c[Translated from the Russian. Russian text edited by F. Kalinychev and V. Vasilyev]
260 _aMoscow,
_bProgress Publishers,
_c1967.
300 _a161 p.
_billus.
_c23 cm.
610 1 0 _aSoviet Union.
_bVerkhovnyĭ Sovet.
700 1 _aKalinychev, F. L.,
_eed.
700 1 _aVasilʹev, V. I.
_q(Vsevolod Ivanovich),
_eed.
906 _a7
_bcbc
_corignew
_du
_encip
_f19
_gy-gencatlg
942 _2ddc
_cBK
999 _c2267
_d2267